1655 1538 1471 1086 1110 1224 1840 1364 1043 1790 1386 1689 1258 1939 1591 1855 1309 1152 1474 1128 1995 1871 1681 1052 1950 1568 1149 1851 1021 1494 1081 1858 1742 1170 1249 1802 1651 1077 1906 1055 1972 1190 1880 1529 1830 1512 1372 1302 1379 1330 1771 1872 1804 1753 1078 1565 1431 1172 1797 1211 1725 1538 1092 1211 1311 1100 1674 1503 1922 1186 1063 1051 1507 1806 1926 1929 1741 1748 1306 1305 1501 1700 1377 1652 1458 1299 1590 1016 1574 1400 1840 1150 1796 1413 1858 1720 1123 1533 1622 BCNSPRNW ULIB Ver.6.0+V

เปลี่ยนเป็นภาษาไทย

Change to English
 แสดงรายละเอียดบรรณานุกรม
  กลับหน้าหลัก

Brief Record : Get Marc (ISO 2709) : E-mail record : QR code < ปิดหน้าต่าง
LEADER : 00000nam 2200000uu 4500
001    13399114766
003     ULIB
008    020711s2548 th a 000 0 tha d
020    9749269098
050  4 HF5246.55^bภ221จ
100    ^aภาคิน สมมิตร
245    ^aเจ้าสัวน้อย/^cภาคิน สมมิตร
250    พิมพ์ครั้งที่ 2
260    ^aกรุงเทพฯ^bHGC,^c2548
300    224 หน้า
650  7 รวยเร็ว
945    ^p0^l0^i017090
945    ^p190^l0^i017091
995    ทศพร
999 ^a ทศพร
รายการนี้ยังไม่มีแท็ก
คุณยังไม่ได้ล็อกอิน คุณสามารถมีกิจกรรมร่วมกับเว็บไซต์ได้ แต่ต้องล็อกอินก่อน ::
  ล็อกอิน

รายการสื่อสารสนเทศ

ลำดับที่ ประเภท เลขเรียก/บาร์โค้ด สถานที่ สถานะ
1. การศึกษาทั่วไป
การศึกษาทั่วไป
HF5246.55 ภ221จ ฉ.2 
  Barcode: 017091
ห้องสมุดวิทยาเขตนครสวรรค์
►หนังสือทั่วไป:l:General Books
บนชั้น

BibComment


ยังไม่เคยถูกคอมเมนท์

คอมเมนท์ทรัพยากรรายการนี้
  คอมเมนท์: เจ้าสัวน้อย ภาคิ..


 Copyright 2026. Bcnsprnw @Library